000 00341nam a2200133Ia 4500
005 20260326100035.0
008 260326s9999||||xx |||||||||||||| ||und||
100 _aEchaide, Rafael
245 0 _aEl OrĂ­gen de la Forma en Arquitectura /
_cRafael Echaide
260 _bRialp
300 _a190 p.
650 _aARQUITECTURA-GENERAL
942 _cBK
999 _c6788
_d6788